000 00647nam a2200253Ia 4500
003 OSt
005 20220924114849.0
006 a|||||r|||| 00| 0
007 ta
008 220923b |||||||| |||| 00| 0 ara d
020 _a9771108271
024 _a338401
037 _cTextual
040 _aARTS
_cARTS
_bara
041 _2ara
_aara
082 _aO28,6:g, N3
100 _aAbaz Sarvat
_9175789
245 0 _aLamhatun min hayat
260 _aCairo
_bMaktaba-e-Misr Egypt
_c1993
300 _a138p.
_ccm.
650 _aARABIC PROSE
942 _hO28,6:g, N3
_cTEXL
_2CC
999 _c395691
_d395691